000 00345nam a22001217a 4500
999 _c12064
_d12064
082 _a340.59
100 _aMufti Muhammad Taqi Usmani
245 _aThe Historic Judgment on Interest
_bDelivered in the Superme Court of Pakistan
260 _aKarachi
_bQuranic Studies Publishers
_c2010
300 _a247 pages
650 _aFinance
942 _cBK